| 000 | 00344cam a2200133ua 4500 | ||
|---|---|---|---|
| 003 | OSt | ||
| 008 | 221107b |||||||| |||| 00| 0 eng d | ||
| 041 | _aeng | ||
| 082 |
_a338.9 _bPLA/PL |
||
| 245 | _aPlans and prospects of social welfare in India (1951-61) / | ||
| 260 |
_aIndia : _bPlanning Commission , _c1968. |
||
| 300 | _a254. | ||
| 942 | _cBK | ||
| 999 |
_c2323 _d2323 |
||